Effectif Tottenham saison 2023/2024 - Statistiques

Statistiques générales
  • Ce quiz a été pris 1 134 fois
    250 depuis la dernière actualisation
  • Le résultat moyen est 17 sur 27
Statistiques - réponses
Hint Réponse % Correct
A Son Heung-Min
98%
G Guglielmo Vicario
91%
D Cristian Romero
87%
A Richarlison
87%
D Micky van de Ven
81%
D Pedro Porro
80%
M James Maddison
79%
M Pape Matar Sarr
79%
D Destiny Udogie
77%
A Dejan Kulusevski
74%
M Yves Bissouma
71%
Coach Ange Postecoglou
65%
D Ben Davies
65%
M Brennan Johnson
64%
M Pierre-Emile Hojbjerg
64%
M Rodrigo Bentancur
63%
G Fraser Forster
58%
A Timo Werner
55%
D Emerson Royal
53%
D Radu Drăgușin
49%
G Brandon Austin
44%
M Oliver Skipp
44%
M Giovani Lo Celso
38%
A Bryan Gil
36%
G Alfie Whiteman
31%
A Manor Solomon
27%
M Ryan Sessegnon
26%
Aucun quiz correspondant
Distribution des résultats
% des personnes avec chaque résultat
Percentile par nombre de réponses
Votre historique - résultats
Vous n’avez pas pris ce quiz depuis la dernière actualisation